UCL Final 2022-23 Starting XI - Statistics

General Stats
  • This quiz has been taken 422 times
  • The average score is 18 of 22
Answer Stats
Player % Correct
Ederson
99%
Erling Haaland
98%
Kevin De Bruyne
98%
Rodri
97%
Rúben Dias
96%
Bernardo Silva
95%
Manuel Akanji
93%
Nathan Aké
93%
André Onana
92%
İlkay Gündoğan
91%
Lautaro Martínez
90%
Jack Grealish
89%
Edin Džeko
85%
John Stones
77%
Alessandro Bastoni
73%
Nicolò Barella
71%
Hakan Çalhanoğlu
70%
Denzel Dumfries
66%
Federico Dimarco
63%
Marcelo Brozović
59%
Francesco Acerbi
54%
Matteo Darmian
31%
No matching quizzes found
Score Distribution
Percent of People with Each Score
Percentile by Number Answered
Your Score History
You have not taken this quiz